Cultura general de España #3 - Estadísticas

Estadísticas generales
  • Esta prueba ha sido intentada 6.904 veces
  • La puntuación promedio es 12 de 20
Estadísticas de respuestas
Pregunta Respuesta % Correcto
¿Qué número se llama para las emergencias en Europa? 112
95%
¿Qué plato, procediendo de Madrid en los 1950, se define por su salsa especial? Patatas {bravas}
94%
¿Qué interjección de 4 letras equivale a «de acuerdo» o «está bien»? Vale
89%
¿Cuál es el ingrediente más controversial de la tortilla española? Cebolla
84%
¿Qué empresa de pizza abrió en 1987 y finalmente se convirtió en la cadena de pizza más popular fuera de los EE. UU.? Telepizza
84%
¿Cómo se llama el café espresso que lleva una pequeña cantidad de leche? Cortado
81%
¿Quién obtuvo el segundo puesto en Operación Triunfo 2017 detrás de Amaia? Aitana
78%
¿Qué marca tuvo un jingle con el Negrito del África Tropical? Cola Cao
69%
¿Qué club, empatado con Real Madrid y Barcelona, tiene más temporadas en la Primera División? Athletic Club
67%
¿Quién cantó «Un beso y una flor» y «Para darte mi corazón»? Nino Bravo
62%
¿Cuál fue la capital del reino visigodo entre 567 y 712? Toledo
57%
¿Qué serie de televisión es la versión española de Wheel of Fortune? La ruleta de la Suerte
55%
¿Qué palabra puede significar bonito o bello pero también un animal? Mono
55%
¿Qué abreviatura procediendo del francés y popular entre jóvenes significa "chico de la calle"? MDLR
53%
¿Qué ciudad antiguamente se llamaba Emerita Augusta? Mérida
49%
¿Qué juego de naipes, utilizando la baraja española, consiste en juntar escaleras o impares? Chinchón
34%
¿Qué objeto hecho de cristal los abuelos suelen usar para beber de distancia? Porrón
26%
¿Quién dirigió Bienvenido, Mister Marshall? Luis García Berlanga
13%
¿Cómo se llama oficialmente el parlamento español? Cortes Generales
9%
A los españoles por mar los quiero ver, porque si los vemos por tierra, ¿quién nos proteja? San Jorge
4%
No se encontraron pruebas coincidentes
Distribución de puntuación
Porcentaje de gente con cada puntuación
Porcentaje por número respondido
Historial de tus puntuaciones
No has intentado esta prueba.